000 00461nam a22001577a 4500
003 SGT
020 _a9789383864188
082 _a615.538
_bC16D
100 _aDHIMAN, K.S, ed.
245 _aCOMPREHENSIVE TECHNICAL DOSSIER(CRD) OF MEDICINAL PLANT USED IN AYURVEDA GUGGULU NO-3
260 _aNEW DELHI
_bCCRAS
_c2016
300 _a75
650 _aAYURVEDA
653 _aCOMPREHENSIVE ,TECHNICAL, DOSSIER, CRD, MEDICINAL PLANT USED , GUGGULU
942 _2ddc
_cBK
999 _c25015
_d25015